• 首页
  • 本馆介绍
  • 公告通知
  • 最新文献
  • 馆藏检索
  • 电子资源
  • 读者导购
  • 参考咨询
  • 我的图书馆
  • 登录
  • 详细信息显示
  • 放入我的书架
  • 预约/预借图书
  • 作者相关作品
  • 分类相关作品
  • 丛书相关作品
  • 出版社相关作品

书目信息

  • 表格格式
  • 工作单格式
  • 卡片格式
题名:
螺环化合物化学
    
 
作者: 魏荣宝 编著
分册:  
出版信息: 北京   化学工业出版社  2007
页数: 219页
开本: 24cm
丛书名: 21世纪化学丛书
单 册:
中图分类: O626
科图分类:
主题词: 杂环化合物--基本知识 , 杂环化合物
电子资源:
ISBN: 978-7-122-00614-1
000 00936oam2 2200289 450
001 003562020
005 20080324093137.30
010    @a978-7-122-00614-1@dCNY45.00
035    @a003562020
100    @a20070327d2007 em y0chiy0110 ea
101 0  @achi
102    @aCN@b110000
105    @ay z 000yy
106    @ar
200 1  @a螺环化合物化学@Aluo huan hua he wu hua xue@f魏荣宝编著
210    @a北京@c化学工业出版社@d2007
215    @a219页@d24cm
225 2  @a21世纪化学丛书
300    @a国家自然科学基金资助
330    @a本书介绍了螺环化合物的命名、合成方法、结构特征以及螺环化合物在高分子膨胀剂、农药、医药、防火材料、手性催化配体、光致变色材料、电致发光材料等方面的合成与应用。
461  0 @1001002652960@12001 @a21世纪化学丛书
606 0  @a杂环化合物@x基本知识
606 0  @a杂环化合物
690    @aO626@v4
701  0 @a魏荣宝@Awei rong bao@f(1945.3~)@4编著
801  0 @aCN@bNLC@c20080324
905    @dO626@e5@f4
    
    螺环化合物化学/魏荣宝编著.-北京:化学工业出版社,2007
    219页;24cm.-(21世纪化学丛书)
    国家自然科学基金资助
    
    ISBN 978-7-122-00614-1:CNY45.00
    本书介绍了螺环化合物的命名、合成方法、结构特征以及螺环化合物在高分子膨胀剂、农药、医药、防火材料、手性催化配体、光致变色材料、电致发光材料等方面的合成与应用。
●
相关链接 在E读中查询图书 在五车中查询图书 在当当中查询图书 在豆瓣中查询图书


正题名:螺环化合物化学     索取号:O626/5         预约/预借

序号 登录号 条形码 馆藏地/架位号 状态 备注
1 0614822   206148220   第二样本阅览室/ [索取号:O626/5] 在馆    
2 0614823   206148239   第三借阅区/ [索取号:O626/5] 在馆    
3 0614824   206148248   第三借阅区/ [索取号:O626/5] 在馆    
4 0614825   206148257   第三借阅区/ [索取号:O626/5] 在馆    
唐山师范学院图书馆 欢迎您!
大连网信软件有限公司© 版权所有